<?xml version="1.0" encoding="UTF-8"?>
<collection xmlns="http://www.loc.gov/MARC21/slim">
 <record>
  <leader>02121nam a2200301 a 4500</leader>
  <controlfield tag="001">1/44273</controlfield>
  <controlfield tag="008">140224s1994    us  a         001 0 eng  </controlfield>
  <datafield tag="020" ind1=" " ind2=" ">
   <subfield code="a">088415260X</subfield>
  </datafield>
  <datafield tag="020" ind1=" " ind2=" ">
   <subfield code="a">9780884152606</subfield>
  </datafield>
  <datafield tag="020" ind1=" " ind2=" ">
   <subfield code="a">9780080545813 (electronic bk.)</subfield>
  </datafield>
  <datafield tag="020" ind1=" " ind2=" ">
   <subfield code="a">0080545815 (electronic bk.)</subfield>
  </datafield>
  <datafield tag="035" ind1=" " ind2=" ">
   <subfield code="l">47214</subfield>
  </datafield>
  <datafield tag="040" ind1=" " ind2=" ">
   <subfield code="a">EEICP</subfield>
   <subfield code="c">EEICP</subfield>
   <subfield code="d">OCLCQ</subfield>
   <subfield code="d">OPELS</subfield>
   <subfield code="d">OCLCQ</subfield>
   <subfield code="d">ZCU</subfield>
   <subfield code="d">OCLCF</subfield>
   <subfield code="d">GR-PeUP</subfield>
  </datafield>
  <datafield tag="100" ind1="1" ind2=" ">
   <subfield code="a">Grace, Robert D.</subfield>
  </datafield>
  <datafield tag="245" ind1="1" ind2="0">
   <subfield code="a">Advanced blowout &amp; well control</subfield>
   <subfield code="h">[electronic resource] /</subfield>
   <subfield code="c">Robert D. Grace with contributions by Bob Cudd, Richard S. Carden, and Jerald L. Shursen.</subfield>
  </datafield>
  <datafield tag="246" ind1="3" ind2=" ">
   <subfield code="a">Advanced blowout and well control</subfield>
  </datafield>
  <datafield tag="260" ind1=" " ind2=" ">
   <subfield code="a">Houston :</subfield>
   <subfield code="b">Gulf Pub. Co.,</subfield>
   <subfield code="c">c1994.</subfield>
  </datafield>
  <datafield tag="300" ind1=" " ind2=" ">
   <subfield code="a">xi, 396 p. :</subfield>
   <subfield code="b">ill. ;</subfield>
   <subfield code="c">24 cm.</subfield>
  </datafield>
  <datafield tag="504" ind1=" " ind2=" ">
   <subfield code="a">Includes bibliographical references and index.</subfield>
  </datafield>
  <datafield tag="520" ind1=" " ind2=" ">
   <subfield code="a">In petroleum industry drilling operations even the most simple blowout can kill people and cost millions of dollars in equipment losses - and millions more in environmental damage and ensuing litigation. Government environmental and safety requirements demand that operating companies and drilling contractor personnel be rigorously trained in well control procedures and in responding to blowouts when they occur. The book reviews classical pressure control procedures. In addition, specific situations are presented along with detailed procedure to analyze alternatives and tackle problems. The use of fluid dynamics in well control, which the author pioneered, is given careful treatment, along with many other topics such as relief well operations, underground blowouts, slim hole drilling problems, and special services such as fire fighting, capping, and snubbing. Case histories are presented, analyzed, and discussed.</subfield>
  </datafield>
  <datafield tag="650" ind1=" " ind2="4">
   <subfield code="a">Oil wells</subfield>
   <subfield code="x">Blowouts.</subfield>
  </datafield>
  <datafield tag="650" ind1=" " ind2="4">
   <subfield code="a">Gas wells</subfield>
   <subfield code="x">Blowouts.</subfield>
  </datafield>
  <datafield tag="655" ind1=" " ind2="4">
   <subfield code="a">Electronic books.</subfield>
  </datafield>
  <datafield tag="710" ind1="2" ind2=" ">
   <subfield code="a">Elsevier Science Publishers.</subfield>
  </datafield>
  <datafield tag="852" ind1=" " ind2=" ">
   <subfield code="a">INST</subfield>
   <subfield code="b">UNIPILB</subfield>
   <subfield code="c">EBOOKS</subfield>
   <subfield code="e">20140306</subfield>
   <subfield code="p">00b47214</subfield>
   <subfield code="q">00b47214</subfield>
   <subfield code="t">ONLINE</subfield>
   <subfield code="y">0</subfield>
  </datafield>
  <datafield tag="856" ind1="4" ind2="0">
   <subfield code="3">ScienceDirect</subfield>
   <subfield code="u">http://www.sciencedirect.com/science/book/9780080545813</subfield>
  </datafield>
  <datafield tag="856" ind1="4" ind2=" ">
   <subfield code="d">/webopac/covers/03/47214_088415260X.jpg</subfield>
  </datafield>
  <datafield tag="856" ind1="4" ind2=" ">
   <subfield code="d">/webopac/covers/03/47214_9780884152606.jpg</subfield>
  </datafield>
 </record>
</collection>
